书目信息 |
| 题名: |
重写晚明史
|
|
| 作者: | 樊树志 著 | |
| 分册: | 王朝的末路 | |
| 出版信息: | 北京 中华书局 2019 |
|
| 页数: | 375页 | |
| 开本: | 22cm | |
| 丛书名: | ||
| 单 册: | ||
| 中图分类: | K248.307 | |
| 科图分类: | ||
| 主题词: | 晚明--wan ming--历史--研究 | |
| 电子资源: | ||
| ISBN: | 978-7-101-13917-4 | |
| 000 | 00779nam0 2200241 450 | |
| 001 | 2131063308 | |
| 005 | 20211031095327.06 | |
| 010 | @a978-7-101-13917-4@dCNY48.00 | |
| 100 | @a20190910d2019 em y0chiy0120 ea | |
| 101 | 0 | @achi |
| 102 | @aCN@b110000 | |
| 105 | @aa z 000yy | |
| 106 | @ar | |
| 200 | 1 | @a重写晚明史@Achong xie wan ming shi@i王朝的末路@f樊树志著 |
| 210 | @a北京@c中华书局@d2019 | |
| 215 | @a375页@c彩照@d22cm | |
| 330 | @a本书共分为三章,内容包括:“攘外与安内的两难选择”“无可奈何花落去:明朝的覆亡”“改朝换代,谁主沉浮”。 | |
| 517 | 1 | @a王朝的末路@Awang chao de mo lu |
| 606 | 0 | @a晚明@Awan ming@x历史@x研究 |
| 690 | @aK248.307@v5 | |
| 701 | 0 | @a樊树志@Afan shu zhi@4著 |
| 801 | 0 | @aCN@b百万庄@c20211029 |
| 905 | @b1313739-742@dK248.307@e171:3@f4 | |
| 重写晚明史.王朝的末路/樊树志著.-北京:中华书局,2019 |
| 375页:彩照;22cm |
| ISBN 978-7-101-13917-4:CNY48.00 |
| 本书共分为三章,内容包括:“攘外与安内的两难选择”“无可奈何花落去:明朝的覆亡”“改朝换代,谁主沉浮”。 |
| ● |
| 相关链接 |
|
|
|
|
正题名:重写晚明史
索取号:K248.307/171:3
 
预约/预借
| 序号 | 登录号 | 条形码 | 馆藏地/架位号 | 状态 | 备注 |
| 1 | 1313739 | 213137390 | 第二样本阅览室/ [索取号:K248.307/171:3] | 在馆 | |
| 2 | 1313740 | 213137407 | 第二借阅区/ [索取号:K248.307/171:3] | 在馆 | |
| 3 | 1313741 | 213137416 | 第二借阅区/ [索取号:K248.307/171:3] | 在馆 | |
| 4 | 1313742 | 213137425 | 第二借阅区/ [索取号:K248.307/171:3] | 在馆 |